|
|
|
|
| LEADER |
00000nam a2200000 a 4500 |
| 001 |
vtls010334438 |
| 003 |
SK-MaSNL |
| 005 |
20260301173444.0 |
| 008 |
240318s2010 aj ao f 000 0 rus |
| 020 |
|
|
|a 9789952813449
|q (viaz.)
|
| 040 |
|
|
|a SNK
|b slo
|c SNK
|e AACR2
|
| 041 |
0 |
|
|a rus
|
| 043 |
|
|
|a a-aj---
|
| 044 |
|
|
|a aj
|c AZ
|
| 072 |
|
7 |
|a 39
|x Etnológia. Etnografia. Folklór
|2 konspekt
|
| 072 |
|
7 |
|a 94(47)
|x Dejiny krajín východnej Európy
|2 konspekt
|
| 080 |
|
|
|a 39
|2 2001
|
| 080 |
|
|
|a 334.712
|2 2001
|
| 080 |
|
|
|a 94(479.24)
|2 2001
|
| 080 |
|
|
|a (048.8)
|2 2001
|
| 080 |
|
|
|a (479.24)
|2 2001
|
| 100 |
1 |
|
|a Alizade, Ajna-Chanum
|4 aut
|9 544374
|
| 245 |
1 |
0 |
|a Lagič
|b istoriko-etnografičeskoje issledovanije
|c Ajna-Chanum Alizade
|
| 260 |
|
|
|a Baku
|b Obščestvennoje Organizacija Razvitija Regionov
|c 2010
|
| 300 |
|
|
|a 523 s.
|b fotogr., ilustr., tab.
|c 25 cm
|
| 490 |
1 |
|
|a Istorija rodiny
|
| 504 |
|
|
|a Bibliogr.: s. 385-397 ; pozn. ; zoz. ilustr., zoz. skrat.
|
| 648 |
|
7 |
|a 18.-19. stor.
|2 SNKPH
|9 299191
|
| 648 |
|
7 |
|a 18th-19th centuries
|2 SNKPHeng
|9 306531
|
| 648 |
|
7 |
|a 20. stor., zač.
|2 SNKPH
|9 541521
|
| 650 |
0 |
7 |
|a etnografia
|2 SNKPH
|9 950
|
| 650 |
0 |
7 |
|a remeselná výroba
|x dejiny
|2 SNKPH
|9 305473
|
| 650 |
0 |
7 |
|a ľudová kultúra
|2 SNKPH
|9 66058
|
| 650 |
0 |
7 |
|a Ethnography
|2 SNKPHeng
|9 265262
|
| 650 |
0 |
7 |
|a Handicraft
|x history
|2 SNKPHeng
|9 544375
|
| 650 |
0 |
7 |
|a Folk culture
|2 SNKPHeng
|9 265677
|
| 651 |
|
7 |
|a Lagič (Azerbajdžan)
|x dejiny
|2 SNKPH
|9 544376
|
| 655 |
|
7 |
|a monografie
|2 SNKPH
|9 70139
|
| 655 |
|
7 |
|a Monographs
|2 SNKPHeng
|9 120675
|
| 830 |
|
0 |
|a Istorija rodiny
|9 544377
|
| 919 |
|
|
|a 978-9952-8134-4-9
|
| 999 |
|
|
|c 836699
|d 838629
|
| 952 |
|
|
|a SNK
|b SNK
|y VYP
|7 0
|p 17A0877663
|o snkIC 140003
|i snk2012/3540
|8 2
|g 13.27
|0 0
|1 0
|4 0
|d 2012-01-12
|l 0
|r 2026-02-24 03:57:10
|w 2026-02-24
|